05035 2202389 4500001002100000005001500021035002000036007000300056008004100059020002200100082000800122084001400130100005200144245008700196250001000283300002900293500003700322600001900359264004500378336002100423337003000444338002300474990001200497990001200509990001200521990001200533990001200545990001200557990001200569990001200581990001200593990001200605990001200617990001200629990001200641990001200653990001200665990001200677990001200689990001200701990001200713990001200725990001200737990001200749990001200761990001200773990001200785990001200797990001200809990001200821990001200833990001200845990001200857990001200869990001200881990001200893990001200905990001200917990001200929990001200941990001200953990001200965990001200977990001200989990001201001990001201013990001201025990001201037990001201049990001201061990001201073990001201085990001201097990001201109990001201121990001201133990001201145990001201157990001201169990001201181990001201193990001201205990001201217990001201229990001201241990001201253990001201265990001201277990001201289990001201301990001201313990001201325990001201337990001201349990001201361990001201373990001201385990001201397990001201409990001201421990001201433990001201445990001201457990001201469990001201481990001201493990001201505990001201517990001201529990001201541990001201553990001201565990001201577990001201589990001201601990001201613990001201625990001201637990001201649990001201661990001201673990001201685990001201697990001201709990001201721990001201733990001201745990001201757990001201769990001201781990001201793990001201805990001201817990001201829990001201841990001201853990001201865990001201877990001201889990001201901990001201913990001201925990001201937990001201949990001201961990001201973990001201985990001201997990001202009990001202021990001202033990001202045990001202057990001202069990001202081990001202093990001202105990001202117990001202129990001202141990001202153990001202165990001202177990001202189990001202201990001202213990001202225990001202237990001202249990001202261990001202273990001202285990001202297990001202309990001202321990001202333990001202345990001202357990001202369990001202381990001202393990001202405990001202417990001202429990001202441990001202453990001202465990001202477990001202489990001202501990001202513990001202525990001202537990001202549990001202561990001202573990001202585990001202597990001202609990001202621990001202633INLIS00000000000037120240426084330 a0010-0424000005ta240426 0 ind  a978-602-427-106-0 a420 a420 KEM b0 aKementrian Pendidikan dan KebudayaanePengarang1 aBahasa Inggris :bSMA/MA/SMK/MAK Kelas XII /cKementrian Pendidikan dan Kebudayaan acet 1 a176 hlm :bilus ;c21 cm aKurikulum 2013 Edisi Revisi 2018 4aBahasa Inggris aJakarta :bGramedia Pustaka Utama,c2018 2rdacontentateks 2rdamediaatanpa perantara 2rdacarrieravolume a19.1445 a19.1206 a19.1207 a19.1208 a19.1209 a19.1210 a19.1211 a19.1212 a19.1213 a19.1214 a19.1215 a19.1216 a19.1217 a19.1218 a19.1219 a19.1220 a19.1221 a19.1222 a19.1223 a19.1224 a19.1225 a19.1226 a19.1227 a19.1228 a19.1229 a19.1230 a19.1231 a19.1232 a19.1233 a19.1234 a19.1235 a19.1236 a19.1237 a19.1238 a19.1239 a19.1240 a19.1241 a19.1242 a19.1243 a19.1244 a19.1245 a19.1246 a19.1247 a19.1248 a19.1249 a19.1250 a19.1251 a19.1252 a19.1253 a19.1254 a19.1255 a19.1256 a19.1257 a19.1258 a19.1259 a19.1260 a19.1261 a19.1262 a19.1263 a19.1264 a19.1265 a19.1266 a19.1267 a19.1268 a19.1269 a19.1270 a19.1271 a19.1272 a19.1273 a19.1274 a19.1275 a19.1276 a19.1277 a19.1278 a19.1279 a19.1280 a19.1281 a19.1282 a19.1283 a19.1284 a19.1285 a19.1286 a19.1287 a19.1288 a19.1289 a19.1290 a19.1291 a19.1292 a19.1293 a19.1294 a19.1295 a19.1296 a19.1297 a19.1298 a19.1299 a19.1300 a19.1301 a19.1302 a19.1303 a19.1304 a19.1305 a19.1306 a19.1307 a19.1308 a19.1309 a19.1310 a19.1311 a19.1312 a19.1313 a19.1314 a19.1315 a19.1316 a19.1317 a19.1318 a19.1319 a19.1320 a19.1321 a19.1322 a19.1323 a19.1324 a19.1325 a19.1326 a19.1327 a19.1328 a19.1329 a19.1330 a19.1331 a19.1332 a19.1333 a19.1334 a19.1335 a19.1336 a19.1337 a19.1338 a19.1339 a19.1340 a19.1341 a19.1342 a19.1343 a19.1344 a19.1345 a19.1346 a19.1347 a19.1348 a19.1349 a19.1350 a19.1351 a19.1352 a19.1353 a19.1354 a19.1356 a19.1357 a19.1358 a19.1359 a19.1360 a19.1361 a19.1362 a19.1363 a19.1364 a19.1365 a19.1366 a19.1367 a19.1368 a19.1369 a19.1370 a19.1371 a19.1372 a19.1373 a19.1374 a19.1375 a19.1446 a19.1447 a19.1448 a19.1449 a19.1450 a19.1451 a19.1452 a19.1453 a19.1454